|
|
|
|
| LEADER |
01046nam a22002653a 4500 |
| 001 |
28475 |
| 003 |
BD-DhAAL |
| 005 |
20141018133942.0 |
| 008 |
141018s19921999nau 000 1 eng |
| 010 |
|
|
|a 97815830
|
| 020 |
|
|
|a 1853260215
|
| 020 |
|
|
|a 9781853260216
|
| 040 |
|
|
|a DLC
|c DLC
|d DLC
|d BD-DhAAL
|
| 082 |
|
|
|2 22
|a 823.5
|
| 100 |
1 |
|
|a Fielding, Henry.
|9 5670
|
| 245 |
1 |
4 |
|a The history of Tom Jones :
|c Henry Fielding ; with an introd. and notes by Doreen Roberts
|b a foundling /
|
| 260 |
|
|
|a Hertfordshire :
|b Wordworth Classics,
|c 1992.[1999]
|
| 300 |
|
|
|a xxi, 734 p. ;
|c 21 cm.
|
| 504 |
|
|
|a Includes bibliographical references ([714]-734)
|
| 541 |
|
|
|e 28475
|
| 600 |
|
|
|a Fielding, Henry, 1707-1754. Works. 1967.
|9 5671
|
| 700 |
1 |
|
|a Roberts, Doreen
|9 5672
|
| 942 |
|
|
|2 ddc
|c BK
|
| 999 |
|
|
|c 32931
|d 32931
|
| 952 |
|
|
|0 0
|1 0
|2 ddc
|4 0
|6 823_500000000000000_FIE
|7 0
|9 43852
|a BRACUL
|b BRACUL
|c GEN
|d 2014-10-18
|e Friends Book Corner
|g 300.00
|l 3
|m 23
|o 823.5 FIE
|p 3010028475
|r 2024-11-04
|s 2024-09-02
|t 1
|w 2014-10-18
|y BK
|x Transferred from BIL to BRACUL on 06/06/22
|